[Event "Ceske Budejovice op-B"]
[Site "Ceske Budejovice"]
[Date "2025.07.06"]
[Round "9"]
[White "Slajs, Vlastimil"]
[Black "Marchal, David"]
[Result "1/2-1/2"]
[WhiteElo "1780"]
[BlackElo "1039"]
[PlyCount "74"]
[EventDate "2025.06.28"]
[EventType "swiss"]
[EventRounds "9"]
[EventCountry "CZE"]
[SourceTitle "CB28_2025"]
[SourceDate "2025.07.09"]
[SourceVersion "1"]
[SourceVersionDate "2025.07.09"]
[SourceQuality "1"]

1. d4 d5 2. Bf4 Bf5 3. e3 a6 4. Nf3 Nf6 5. Be2 e6 6. 0-0 c5 7. c4 cxd4 8. Nxd4 Bg6 9. Nc3 Qb6 10. Qd2 Bb4 11. a3 Ne4 12. Qe1 Bc5 13. Na4 Qd8 14. Nxc5 Nxc5 15. b4 Nd3 16. Qc3 Nxf4 17. exf4 0-0 18. cxd5 Qxd5 19. Bf3 Be4 20. Rfd1 Bxf3 21. Nxf3 Qc6 22. Rac1 Qxc3 23. Rxc3 Nc6 24. Ne5 Rfd8 25. Rdc1 Nd4 26. Kf1 f6 27. Nf3 Nxf3 28. Rxf3 Rd7 29. Rfc3 Rad8 30. Rc8 Rxc8 31. Rxc8+ Kf7 32. Ke2 Kg6 33. Rc5 Rd6 34. g4 b6 35. Rc7 f5 36. f3 a5 37. h4 h6 1/2-1/2

[Event "Ceske Budejovice op-B"]
[Site "Ceske Budejovice"]
[Date "2025.07.02"]
[Round "5"]
[White "Paulik, Krystof"]
[Black "Marchal, David"]
[Result "0-1"]
[WhiteElo "1572"]
[BlackElo "1039"]
[PlyCount "72"]
[EventDate "2025.06.28"]
[EventType "swiss"]
[EventRounds "9"]
[EventCountry "CZE"]
[SourceTitle "CB28_2025"]
[SourceDate "2025.07.09"]
[SourceVersion "1"]
[SourceVersionDate "2025.07.09"]
[SourceQuality "1"]

1. e4 c6 2. d4 d5 3. e5 Bf5 4. g4 Bg6 5. h4 h5 6. e6 hxg4 7. Bd3 Bh5 8. f3 g3 9. Ne2 Bxf3 10. Rf1 Bh5 11. exf7+ Bxf7 12. Nxg3 Rxh4 13. Qf3 Nf6 14. Bg5 Rh8 15. Bxf6 exf6 16. Nf5 Rg8 17. Rf2 Qd7 18. Re2+ Kd8 19. Nh6 Rh8 20. Bf5 Qc7 21. Nxf7+ Qxf7 22. Qg4 Rh1+ 23. Kd2 Qh5 24. Qxh5 Rxh5 25. Bg6 Rh8 26. Nc3 Bb4 27. Rae1 Kc7 28. Re7+ Bxe7 29. Rxe7+ Nd7 30. Bf5 Rad8 31. Na4 Rh5 32. Bg4 Rg5 33. Bh3 Rg3 34. Bf5 Rf3 35. Bg4 Rf4 36. Bxd7 Rxd7 0-1

[Event "Ceske Budejovice op-B"]
[Site "Ceske Budejovice"]
[Date "2025.06.29"]
[Round "2"]
[White "Marchal, David"]
[Black "Yurchenko, Oleh"]
[Result "1-0"]
[WhiteElo "1039"]
[BlackElo "1520"]
[PlyCount "74"]
[EventDate "2025.06.28"]
[EventType "swiss"]
[EventRounds "9"]
[EventCountry "CZE"]
[SourceTitle "CB28_2025"]
[SourceDate "2025.07.09"]
[SourceVersion "1"]
[SourceVersionDate "2025.07.09"]
[SourceQuality "1"]

1. e4 e5 2. Nf3 Nc6 3. Bc4 Nf6 4. Nc3 Nxe4 5. Nxe4 d5 6. Bxd5 Qxd5 7. d3 Bb4+ 8. Bd2 Bg4 9. h3 Bxf3 10. Qxf3 Bxd2+ 11. Nxd2 Qd4 12. c3 Qb6 13. Nb3 0-0 14. 0-0 f5 15. Rfe1 Qb5 16. Rad1 Rad8 17. Rd2 g5 18. Qe3 f4 19. Qe4 Qa6 20. a4 Qb6 21. Qc4+ Kg7 22. Ra1 Ne7 23. d4 f3 24. g3 Nf5 25. dxe5 Rxd2 26. Nxd2 Nxg3 27. b4 Rf4 28. a5 Ne2+ 29. Qxe2 Qe6 30. Nxf3 Qxh3 31. Nh2 Qxc3 32. Rb1 g4 33. Nxg4 h5 34. Nf6 h4 35. Qh5 Qc2 36. Qg5+ Kf7 37. Qg8+ Ke7 1-0